[Event "ESP-ch U12 Rapid"]
[Site "Salobrena"]
[Date "2022.07.17"]
[Round "7"]
[White "Gutierrez Toro, David"]
[Black "Aleksanyan, Ara"]
[Result "1/2-1/2"]
[WhiteElo "1231"]
[BlackElo "1368"]
[PlyCount "64"]
[EventDate "2022.07.09"]
[EventType "swiss (rapid)"]
[EventRounds "9"]
[EventCountry "ESP"]
[SourceTitle "EXT 2023"]
[Source "ChessBase"]
[SourceDate "2022.10.05"]
[SourceVersion "1"]
[SourceVersionDate "2022.10.05"]
[SourceQuality "1"]

1. e4 c5 2. Nc3 g6 3. g3 Bg7 4. Bg2 Nc6 5. d3 d6 6. f4 e6 7. Nf3 Nge7 8. 0-0 0-0 9. Be3 Bd7 10. Rb1 Rb8 11. Ne2 a6 12. c3 b5 13. d4 cxd4 14. cxd4 d5 15. e5 Nf5 16. Bf2 f6 17. Qd2 b4 18. b3 a5 19. Qb2 Qe7 20. Rbc1 fxe5 21. dxe5 Qf7 22. Ned4 Ncxd4 23. Nxd4 Nxd4 24. Bxd4 Rfc8 25. Rxc8+ Rxc8 26. Rc1 Qe8 27. Qd2 Rxc1+ 28. Qxc1 Qc8 29. Qxc8+ Bxc8 30. Bb6 Bf8 31. Kf2 Bd7 32. Ke3 Bc5+ 1/2-1/2

[Event "ESP-ch U12"]
[Site "Salobrena"]
[Date "2021.07.05"]
[Round "1"]
[White "Juan Lepp, Jaime Boris"]
[Black "Gutierrez Toro, David"]
[Result "1-0"]
[WhiteElo "1810"]
[BlackElo "1231"]
[PlyCount "57"]
[EventDate "2021.07.05"]
[EventType "swiss"]
[EventRounds "9"]
[EventCountry "ESP"]
[SourceTitle "EXT 2022"]
[Source "ChessBase"]
[SourceDate "2021.10.06"]
[SourceVersion "1"]
[SourceVersionDate "2021.10.06"]
[SourceQuality "1"]

1. e4 c5 2. d4 cxd4 3. c3 d3 4. Qxd3 Nc6 5. Na3 Nf6 6. Bg5 g6 7. Nf3 d6 8. Bxf6 exf6 9. Be2 Be6 10. 0-0 a6 11. Rfd1 Qc7 12. Nd4 Ne5 13. Nxe6 fxe6 14. Qh3 Kf7 15. Kh1 Qb6 16. Nc2 Re8 17. f4 Qxb2 18. Nd4 Nc6 19. Rdb1 Qd2 20. Rxb7+ Re7 21. Qxe6+ Kg7 22. Rxe7+ Nxe7 23. Qxd6 Qxc3 24. Rd1 Qb2 25. Ne6+ Kf7 26. Bc4 Bh6 27. Ng5+ Kf8 28. Qe6 Ke8 29. Qf7# 1-0